Statistics for 1960s General Knowledge #1

Click here to take the quiz!

General Stats

  • This quiz has been taken 12,535 times
  • The average score is 11 of 20

Answer Stats

Question Answer % Correct
Who was assassinated in Memphis?Martin Luther King, Jr.
88%
Who said "We're more popular than Jesus now"?John Lennon
86%
Fill in the blank: Houston, Tranquility Base here. The _____ has landedEagle
83%
What, according to the media, did feminists burn?Their Bras
82%
What type of hat was famously worn by Che Guevara?Beret
69%
Who was Jackie Kennedy's second husband?Aristotle Onassis
68%
What medical procedure was performed for the first time by Christiaan Barnard?Heart Transplant
62%
Who won the 1966 World Cup?England
61%
What artist's studio was called "The Factory"?Andy Warhol
58%
What gang provided security for the Rolling Stones at the Altamont Free Concert?The Hells Angels
55%
Who was the first person to go into space?Yuri Gagarin
51%
On what holiday did North Vietnam launch a major offensive?Tet
50%
What African-American winter holiday was first celebrated in 1966?Kwanzaa
50%
What pesticide was criticized by the book "Silent Spring"?DDT
50%
What Eastern European city had a "spring" that was crushed by Soviet tanks?Prague
48%
Who wrote the true crime novel "In Cold Blood"?Truman Capote
43%
What country had massive student and worker protests in May of 1968?France
37%
What city was swinging?London
35%
What was the name of Mao's effort to purge traditional elements from Chinese society?The {Cultural} Revolution
35%
What event did Bob Beamon win at the 1968 Summer Olympics?Long Jump
27%

Score Distribution

Percentile by Number Answered

Percent of People with Each Score

Your Score History

You have not taken this quiz